DTM Fahrer 2001 - Statistiken

Allgemein
  • Dieses Quiz wurde 3 mal gespielt
  • Das Durchschnittsergebnis liegt bei 11 aus 25
Antwortstatistiken
Team Nummer Marke Nation Fahrer % Korrekt
D2 AMG-Mercedes 1 Mercedes Deutschland Bernd Schneider
100%
Team Abt Sportsline* 19 Audi Dänemark Kris Nissen
100%
Team Abt Sportsline* 19 Audi Frankreich Laurent Aiello
100%
Opel-Team Phoenix 7 Opel Deutschland Manuel Reuter
100%
Service 24h AMG-Mercedes* 24 Mercedes Portugal Pedro Lamy
100%
Opel-Team Holzer I 4 Opel Deutschland Timo Scheider
100%
Opel Euroteam 16 Opel Schweiz Alain Menu
50%
Eschmann AMG-Mercedes* 9 Mercedes Deutschland Bernd Mayländer
50%
Team Abt Sportsline 18 Audi Deutschland Christian Abt
50%
Originalteile AMG-Mercedes 15 Mercedes Niederlande Christijan Albers
50%
Warsteiner AMG-Mercedes 6 Mercedes Schweiz Marcel Fässler
50%
Eschmann AMG-Mercedes* 9 Mercedes Deutschland Marcel Tiemann
50%
Team Abt Sportsline junior 23 Audi Schweden Mattias Ekström
50%
D2 AMG-Mercedes 2 Mercedes Großbritannien Peter Dumbreck
50%
Originalteile AMG-Mercedes 14 Mercedes Deutschland Thomas Jäger
50%
Warsteiner AMG-Mercedes 5 Mercedes Deutschland Uwe Alzen
50%
Service 24h AMG-Mercedes 42 Mercedes Großbritannien Darren Turner
0%
Service 24h AMG-Mercedes* 24 Mercedes Belgien David Saelens
0%
Opel Euroteam 17 Opel Deutschland Hubert Haupt
0%
Opel-Team Holzer I 3 Opel Deutschland Joachim Winkelhock
0%
Team Abt Sportsline junior 22 Audi Deutschland Martin Tomczyk
0%
Opel-Team Holzer II 11 Opel Deutschland Michael Bartels
0%
Eschmann AMG-Mercedes 10 Mercedes Niederlande Patrick huisman
0%
Mamerow Racing Team 20 Opel Deutschland Peter Mamerow
0%
Opel-Team Phoenix 8 Opel Belgien Yves Olivier
0%
Keine übereinstimmenden Quizze gefunden
Verteilung der Resultate
Anzahl Personen mit jedem Resultat
Perzentil nach korrekt beantworteten Fragen
Ihre Resultats-Entwicklung
Sie haben dieses Quiz noch nicht gespielt